000 00956nam a2200265Ia 4500
003 OSt
005 20221005104835.0
006 a|||||r|||| 00| 0
007 ta
008 221004b |||||||| |||| 00| 0 hin d
020 _a8173120234 (hbk)
_c300
024 _a101540
037 _b403, 22/03/2010, Swaraj Prakashan
_cTextual
040 _aCRL
_cCRL
_bhin
041 _2hin
_ahin
082 _aO152,2N49x, P4
100 _aनैमिशराय, मोहनदास
245 0 _aहिन्दी रेडियो नाटक
246 _aHindī reḍiyo nāṭaka
260 _aदिल्ली
_bश्री नटराज प्रकाशन भारत
_c2004
300 _a176पृ0
_ccm.
650 _aहिन्दी साहित्य
942 _hO152,2N49x, P4
_cTEXL
_2cc
999 _c1013949
_d1013949